000 00998nam a2200313 i 4500
001 bgj
100 1 _aLONDON, Jack
_d(1876-1916).
245 1 0 _aNovels and Social Writings /
_cJack London ; [edited by] Donald Pizer.
250 _a[3rd print.].
260 _aNew York :
_bLiterary Classics of the United States,
_cc. 1982.
300 _a1192 pp ;
_c21 cm.
490 1 _aThe Library of America
505 _aContents : The People of the Abyss ; The Road ; The Iron Heel ; Martin Eden ; John Barleycorn ; Essays.
650 9 _aAmerican fiction
_y20th century
700 1 _aPIZER, Donald.
_eed.
740 0 2 _aThe People of the Abyss
740 0 2 _aThe Road
740 0 2 _aThe Iron Heel
740 0 2 _aMartin Eden
740 0 2 _aJohn Barleycorn
740 0 2 _aEssays
830 _aThe Library of America
020 _a0940450062 (hbk, jacket)
040 _cBPK
041 0 _aeng
920 _a0-940450-06-2 (hbk, jacket)
942 _cKS
008 s uk f |000 0 eng
999 _c47239
_d47239
856 _uhttp://koha.tu.koszalin.pl/cgi-bin/koha/opac-detail.pl?biblionumber=47239
_yKatalog online BPK